000 00588nam a2200181Ia 4500
008 090124s9999 xx 000 0 und d
082 _b102870
100 _aजोशी शं. न. (शंकर नरहर)
245 _a थोरांचा परिचय
250 _a2
260 _c1948
300 _a116
600 _aजोशी शं. न. (शंकर नरहर)
630 _a थोरांचा परिचय
700 _aजोशी शं. न. (शंकर नरहर)
730 _a थोरांचा परिचय
942 _cBOOK
999 _c148962
_d148962